000 00276nam a22001217a 4500
041 _aENG
100 _aHazra
245 _aBasic Refrigeration & Airconditioning Hindi
260 _aNew Delhi
_bDhanpat Rai Pub
_c1997
300 _a395
650 _aAPE
856 _uAPE (10 )
999 _c1764
_d1764